अनदेखे अनजान पुल / (Record no. 115170)

MARC details
000 -LEADER
fixed length control field 00987nam a22002537a 4500
005 - DATE AND TIME OF LATEST TRANSACTION
control field 20170124103020.0
010 ## - LIBRARY OF CONGRESS CONTROL NUMBER
LC control number 337560
020 ## - INTERNATIONAL STANDARD BOOK NUMBER
Terms of availability 3.00
035 ## - SYSTEM CONTROL NUMBER
System control number 337560
037 ## - SOURCE OF ACQUISITION
Source of stock number/acquisition Cen Lib/Ret
040 ## - CATALOGING SOURCE
Original cataloging agency DPL
Language of cataloging HN
082 ## - DEWEY DECIMAL CLASSIFICATION NUMBER
Classification number
Item number यादव
100 ## - MAIN ENTRY--PERSONAL NAME
Personal name यादव, राजेन्द्र
9 (RLIN) 42810
245 ## - TITLE STATEMENT
Title अनदेखे अनजान पुल /
Statement of responsibility, etc राजेन्द्र यादव
246 ## - VARYING FORM OF TITLE
Title proper/short title Andekhe anjan pul /
Remainder of title by Rajendra Yadav
260 ## - PUBLICATION, DISTRIBUTION, ETC. (IMPRINT)
Place of publication, distribution, etc दिल्ली
Name of publisher, distributor, etc राजपाल एंड संस
Date of publication, distribution, etc 1969
270 ## - ADDRESS
Address पोस्ट बॉक्स 1064
City दिल्ली
300 ## - PHYSICAL DESCRIPTION
Extent 158पृ.
Dimensions 18सेमी (सजिल्द)
650 ## - SUBJECT ADDED ENTRY--TOPICAL TERM
Topical term or geographic name as entry element हिन्दी साहित्य
9 (RLIN) 60265
650 ## - SUBJECT ADDED ENTRY--TOPICAL TERM
Topical term or geographic name as entry element हिन्दी साहित्य -- उपन्यास
9 (RLIN) 46379
650 ## - SUBJECT ADDED ENTRY--TOPICAL TERM
Topical term or geographic name as entry element Hindi literature
9 (RLIN) 60266
650 ## - SUBJECT ADDED ENTRY--TOPICAL TERM
Topical term or geographic name as entry element Hindi literature -- Fiction
9 (RLIN) 60267
942 ## - ADDED ENTRY ELEMENTS (KOHA)
Source of classification or shelving scheme Dewey Decimal Classification
Koha item type Hindi Books
Classification part
Call number suffix यादव
Holdings
Withdrawn status Lost status Damaged status Not for loan Home library Current library Date acquired Source of acquisition Cost, normal purchase price Total Checkouts Full call number Barcode Date last seen Copy number Cost, replacement price Price effective from Koha item type Public note
Written off       Central Library Central Library 19/08/2015 Cen Lib/Ret 3.00   उ यादव 337560 19/08/2015 1 3.00 19/08/2015 Hindi Books Written off on approval by DLB (By Circulation); dtd 15-06-2023

© Delhi Public Library
Hit Counter
free hit counter